Central Library OPAC University of Rajshahi

আত্নকথা / (Record no. 44472)

MARC details
000 -LEADER
fixed length control field 00930nam a2200253 4500
001 - CONTROL NUMBER
control field 44472
003 - CONTROL NUMBER IDENTIFIER
rucl marc code BD-RjUL
005 - DATE AND TIME OF LATEST TRANSACTION
control field 20211209053850.0
008 - FIXED-LENGTH DATA ELEMENTS--GENERAL INFORMATION
fixed length control field 160718s1978 bg ||||| |||| 00| 0 ben d
020 ## - INTERNATIONAL STANDARD BOOK NUMBER
Terms of availability : TK 35.00
035 ## - SYSTEM CONTROL NUMBER
System control number (BD-RjUL)44590
040 ## - CATALOGING SOURCE
Original cataloging agency BD-RjUL
Language of cataloging ben
Transcribing agency BD-RjUL
041 ## - LANGUAGE CODE
Language code of text/sound track or separate title ben
082 ## - DEWEY DECIMAL CLASSIFICATION NUMBER
Edition number 23
Classification number 891.44092
Author mark and year AHA 1978
100 ## - MAIN ENTRY--PERSONAL NAME
Personal name আহমদ, আবুল মনসুর
9 (RLIN) 117726
245 10 - TITLE STATEMENT
Title আত্নকথা /
Statement of responsibility, etc. আবুল মনসুর আহমদ
260 ## - PUBLICATION, DISTRIBUTION, ETC. (IMPRINT)
Place of publication, distribution, etc. ঢাকা :
Name of publisher, distributor, etc. খোশরোজ কিতাব মহল,
Date of publication, distribution, etc. ১৯৭৮
300 ## - PHYSICAL DESCRIPTION
Pagination [১০], ৪৮০ পৃ. ;
Size ১৯ সেমি.
600 ## - SUBJECT ADDED ENTRY--PERSONAL NAME
Personal name আহমদ, আবুল মনসুর,
General subdivision জীবনী
Personal name Ahmed, Abul Monsur,
General subdivision Biography
650 ## - SUBJECT ADDED ENTRY--TOPICAL TERM
Topical term or geographic name as entry element Bengali Literature
9 (RLIN) 136484
Topical term or geographic name as entry element বাংলা সাহিত্য
9 (RLIN) 136485
942 ## - ADDED ENTRY ELEMENTS (KOHA)
Source of classification or shelving scheme Dewey Decimal Classification
Koha item type Books
Holdings
Lost status Source of classification or shelving scheme Damaged status Not for loan Collection code Permanent Location Current Location Shelving location Date acquired Source of acquisition Cost, normal purchase price Total Checkouts Full call number Date last seen Date checked out Copy number Koha item type
  Dewey Decimal Classification     Non-fiction Central Library, University of Rajshahi Central Library, University of Rajshahi   16/08/1979 Niyamot Book , Rajshahi 35.00 1 B 891.44092 AHA 1978 13/04/2019 27/03/2019 C-2 Books